[Event "Moscow Open 2018 F"]
[Site "?"]
[Date "2018.01.30"]
[Round "5.13"]
[White "Meyer, Henrik"]
[Black "Antonov, Andrey P."]
[Result "1/2-1/2"]
[BlackElo "2176"]
[WhiteElo "2086"]
[LiveChessVersion "1.4.8"]

1. e4 e5 2. Nf3 Nc6 3. Bc4 d6 4. d4 Bg4 5. c3 Bxf3 6. Qxf3 Nf6 7. Be3 Be7 8. Nd2
O-O 9. O-O {[%clk 1:24:38]} exd4 {[%clk 1:13:47]} 10. cxd4 {[%clk 1:24:59]} d5
{[%clk 1:11:16]} 11. exd5 {[%clk 1:24:15]} Nb4 {[%clk 1:11:43]} 12. d6
{[%clk 1:19:40]} cxd6 {[%clk 0:54:31]} 13. Bb3 {[%clk 1:13:21]} Qd7
{[%clk 0:45:48]} 14. a3 {[%clk 1:10:16]} Nc6 {[%clk 0:45:48]} 15. h3
{[%clk 1:07:11]} d5 {[%clk 0:36:04]} 16. Nb1 {[%clk 1:06:06]} Ne4
{[%clk 0:32:55]} 17. Nc3 {[%clk 1:05:37]} Nxc3 {[%clk 0:32:41]} 18. bxc3
{[%clk 1:06:03]} Rfd8 {[%clk 0:32:03]} 19. a4 {[%clk 0:55:39]} Na5
{[%clk 0:30:52]} 20. Bc2 {[%clk 0:56:03]} Qc6 {[%clk 0:27:08]} 21. Bf4
{[%clk 0:52:05]} Bf6 {[%clk 0:23:44]} 22. Bd3 {[%clk 0:49:36]} a6
{[%clk 0:20:47]} 23. Qg3 {[%clk 0:47:41]} Re8 {[%clk 0:17:17]} 24. Rfb1
{[%clk 0:46:08]} Re7 {[%clk 0:12:14]} 25. Bd6 {[%clk 0:45:02]} Rd7
{[%clk 0:12:04]} 26. Bc5 {[%clk 0:45:05]} Bd8 {[%clk 0:07:14]} 27. Bf5
{[%clk 0:45:17]} Rc7 {[%clk 0:07:18]} 28. Bb6 {[%clk 0:33:31]} Re7
{[%clk 0:05:42]} 29. Bc5 {[%clk 0:33:25]} Rc7 {[%clk 0:05:04]} 30. Bb6
{[%clk 0:31:58]} Re7 {[%clk 0:05:29]} 31. Bxd8 {[%clk 0:32:01]} Rxd8
{[%clk 0:05:54]} 32. Qh4 {[%clk 0:32:27]} Kf8 {[%clk 0:04:39]} 33. Qxh7
{[%clk 0:29:51]} Qh6 {[%clk 0:05:03]} 34. Qxh6 {[%clk 0:29:57]} gxh6
{[%clk 0:05:29]} 35. Re1 {[%clk 0:28:38]} Rc7 {[%clk 0:05:35]} 36. Re3
{[%clk 0:27:46]} Rd6 {[%clk 0:05:59]} 37. Rae1 {[%clk 0:26:52]} Rdc6
{[%clk 0:05:12]} 38. Re5 {[%clk 0:25:58]} Rxc3 {[%clk 0:04:58]} 39. Rxd5
{[%clk 0:26:23]} Nc6 {[%clk 0:03:36]} 40. Rd6 {[%clk 0:25:11]} Rc4
{[%clk 0:01:23]} 41. d5 {[%clk 0:24:58]} Rd4 {[%clk 0:01:33]} 42. Re3
{[%clk 0:19:16]} h5 {[%clk 0:00:54]} 43. g3 {[%clk 0:18:07]} Ne7 44. Be4
{[%clk 0:15:35]} Kg7 {[%clk 0:00:26]} 45. Rd8 {[%clk 0:14:34]} Rc1+
{[%clk 0:00:47]} 46. Kg2 {[%clk 0:14:43]} Rcd1 {[%clk 0:01:09]} 47. Rb8
{[%clk 0:13:44]} Nxd5 {[%clk 0:00:38]} 48. Bxd5 {[%clk 0:14:09]} Rxd5
{[%clk 0:00:58]} 49. Rxb7 {[%clk 0:14:35]} Rf5 {[%clk 0:00:42]} 50. Rb4
{[%clk 0:12:37]} a5 {[%clk 0:00:36]} 51. Rbe4 {[%clk 0:12:24]} Rfd5
{[%clk 0:00:33]} 52. Re5 {[%clk 0:12:02]} Kf6 {[%clk 0:00:42]} 53. Rxd5
{[%clk 0:12:08]} Rxd5 {[%clk 0:01:09]} 54. Re4 {[%clk 0:12:24]} Rd3
{[%clk 0:00:59]} 55. Rc4 {[%clk 0:12:38]} Ra3 {[%clk 0:01:02]} 56. h4
{[%clk 0:12:39]} Ke6 {[%clk 0:00:48]} 57. g4 {[%clk 0:12:43]} hxg4
{[%clk 0:00:57]} 58. Rxg4 {[%clk 0:13:05]} Kf6 {[%clk 0:01:05]} 59. f3
{[%clk 0:13:15]} Ra1 {[%clk 0:00:40]} 60. h5 {[%clk 0:12:32]} Rb1
{[%clk 0:00:44]} 61. Kg3 {[%clk 0:09:12]} Kf5 {[%clk 0:00:39]} 62. Rc4
{[%clk 0:09:31]} Rg1+ {[%clk 0:00:35]} 63. Kf2 {[%clk 0:09:46]} Rg5
{[%clk 0:00:47]} 64. Rh4 {[%clk 0:08:40]} Rg7 {[%clk 0:00:52]} 65. h6
{[%clk 0:08:49]} Rh7 {[%clk 0:01:19]} 66. Rh5+ {[%clk 0:09:02]} Kf4
{[%clk 0:01:09]} 67. Kg2 {[%clk 0:09:06]} f5 {[%clk 0:00:59]} 68. Kf2
{[%clk 0:09:15]} Ke5 {[%clk 0:00:39]} 69. Ke3 {[%clk 0:09:34]} Kf6
{[%clk 0:00:32]} 70. Kf4 {[%clk 0:10:00]} Kg6 {[%clk 0:00:38]} 71. Rxf5
{[%clk 0:10:10]} Ra7 {[%clk 0:00:52]} 72. Ke4 {[%clk 0:09:27]} Kxh6
{[%clk 0:01:17]} 73. f4 {[%clk 0:09:42]} Kg6 {[%clk 0:01:31]} 74. Re5
{[%clk 0:10:03]} Kf6 {[%clk 0:01:13]} 75. f5 {[%clk 0:09:44]} Re7
{[%clk 0:01:06]} 76. Rxe7 {[%clk 0:09:52]} Kxe7 {[%clk 0:01:33]} 77. Ke5
{[%clk 0:09:45]} Kf7 {[%clk 0:02:00]} 78. f6 {[%clk 0:10:01]} Kf8
{[%clk 0:02:20]} 79. Ke4 {[%clk 0:08:23]} Kf7 {[%clk 0:02:05]} 80. Ke5
{[%clk 0:07:34]} Kf8 {[%clk 0:02:29]} 81. Ke6 {[%clk 0:07:58]} Ke8
{[%clk 0:02:54]} 82. Kd6 {[%clk 0:06:56]} Kf7 {[%clk 0:03:18]} 83. Ke5
{[%clk 0:07:23]} Kf8 {[%clk 0:02:59]} 84. Kd6 {[%clk 0:04:11]} Kf7
{[%clk 0:03:53]} 85. Kc7 {[%clk 0:03:39]} Kxf6 {[%clk 0:04:18]} 86. Kb6
{[%clk 0:04:07]} Ke7 {[%clk 0:04:35]} 87. Kxa5 {[%clk 0:04:27]} Kd7
{[%clk 0:04:57]} 88. Kb6 {[%clk 0:04:52]} Kc8 {[%clk 0:05:22]} 89. Ka7
{[%clk 0:05:19]} Kc7 {[%clk 0:05:48]} 90. a5 {[%clk 0:05:36]} Kc8
{[%clk 0:06:03]} 91. Ka8 {[%clk 0:05:44]} Kc7 {[%clk 0:06:27]} 92. a6
{[%clk 0:05:53]} Kc8 {[%clk 0:06:50]} 93. a7 {[%clk 0:05:55]} Kc7
{[%clk 0:07:16]} 1/2-1/2

[Event "Moscow Open 2018 F"]
[Site "?"]
[Date "2018.01.30"]
[Round "5.14"]
[White "Kudenko, Alexander"]
[Black "Velichko, Arseny"]
[Result "1/2-1/2"]
[BlackElo "2155"]
[WhiteElo "1978"]
[LiveChessVersion "1.4.8"]

1. e4 e6 2. d4 d5 3. Nc3 Bb4 4. e5 b6 5. Qg4 Bf8 6. Nf3 Qd7 7. Nd1
{[%clk 1:18:14]} Ba6 {[%clk 1:27:12]} 8. Bxa6 {[%clk 1:18:30]} Nxa6
{[%clk 1:27:40]} 9. O-O {[%clk 1:17:41]} Ne7 {[%clk 1:25:51]} 10. Ne3
{[%clk 1:17:55]} h6 {[%clk 1:23:09]} 11. Ne1 {[%clk 1:10:08]} Nb4
{[%clk 1:15:09]} 12. c3 {[%clk 1:09:59]} Nbc6 13. Nd3 Nf5 14. Nxf5 exf5 15. Qf3
g5 16. Qh5 Be7 17. h4 Rg8 18. Qxh6 gxh4 19. Re1 O-O-O 20. e6 fxe6 21. Rxe6 Kb7
22. Rg6 Rh8 23. Qe3 Bd6 24. Qf3 Qf7 25. Rh6 Rhg8 26. Rxh4 Rde8 27. Bf4 Re4 28.
Rh3 Bxf4 29. Nxf4 Rg4 30. Nd3 Qg6 31. Kf1 Qg5 32. Rd1 a5 33. g3 Qg6 34. Rh8 Qg7
35. Rh5 Rg5 36. Rxg5 Qxg5 37. Nf4 Qg8 38. Kg2 Ne7 39. Rh1 Ng6 40. Nxg6 Qxg6 41.
Rh5 f4 42. Rxd5 Ka7 43. Re5 Rxe5 44. dxe5 fxg3 45. fxg3 Qc2+ 46. Kh3 Qh7+ 47. Kg4
Qg6+ 48. Kf4 Qf7+ 49. Ke3 Qxa2 50. Qe2 Qd5 51. Kf2 Qe6 52. Qe4 b5 53. g4 Kb6 54.
g5 Qb3 55. e6 Qxb2+ 56. Kf3 Qa1 57. Kg4 Qg1+ 58. Kf5 Qc5+ 59. Kg6 Qe7 60. Qd4+
Kc6 61. Qf6 Kd6 62. Qxe7+ Kxe7 63. Kf5 b4 64. g6 b3 65. g7 b2 66. g8=Q b1=Q+ 67.
Ke5 Qb5+ 68. Kd4 Qb6+ 69. Kd3 Qb5+ 70. Kd4 Kd6 71. Qg3+ Kxe6 72. Qxc7 a4 73. Qc4+
Qxc4+ 74. Kxc4 a3 75. Kb3 Kd5 76. Kxa3 Kc4 77. Kb2 Kc5 78. Kb3 Kb5 79. c4+ Kc5
80. Kc3 Kc6 81. Kd4 Kd6 82. c5+ Kc6 83. Kc4 Kc7 84. Kb5 Kb7 1/2-1/2

[Event "Moscow Open 2018 F"]
[Site "?"]
[Date "2018.01.30"]
[Round "5.15"]
[White "Makarenko, Aleksandr"]
[Black "Borisenko, Viacheslav"]
[Result "1/2-1/2"]
[BlackElo "2330"]
[WhiteElo "2166"]
[LiveChessVersion "1.4.8"]

1. Nf3 {[%clk 1:30:55]} g6 {[%clk 1:16:54]} 2. g3 {[%clk 1:26:22]} Bg7
{[%clk 1:17:23]} 3. Bg2 {[%clk 1:26:44]} e5 {[%clk 1:17:49]} 4. O-O
{[%clk 1:26:13]} d5 {[%clk 1:18:06]} 5. c4 {[%clk 1:23:04]} c6 {[%clk 1:18:32]}
6. d3 {[%clk 1:07:26]} Ne7 {[%clk 1:18:39]} 7. Nbd2 {[%clk 1:07:11]} O-O
{[%clk 1:18:58]} 8. Rb1 {[%clk 1:06:46]} f5 {[%clk 1:19:09]} 9. b4
{[%clk 0:59:07]} h6 {[%clk 1:15:44]} 10. Bb2 {[%clk 0:57:58]} Nd7
{[%clk 1:11:06]} 11. e4 {[%clk 0:50:44]} fxe4 {[%clk 1:04:05]} 12. dxe4
{[%clk 0:50:24]} d4 {[%clk 1:04:33]} 13. Ne1 {[%clk 0:50:30]} a5 {[%clk 1:04:19]}
14. a3 {[%clk 0:49:37]} axb4 {[%clk 1:04:27]} 15. axb4 {[%clk 0:50:03]} b6
{[%clk 1:04:09]} 16. Nd3 {[%clk 0:48:03]} c5 {[%clk 1:04:12]} 17. b5
{[%clk 0:41:14]} Qc7 {[%clk 1:02:45]} 18. Bh3 {[%clk 0:33:26]} Kh7
{[%clk 1:01:37]} 19. Qe2 {[%clk 0:32:29]} Qd6 {[%clk 0:59:34]} 20. Ra1
{[%clk 0:30:32]} Bb7 {[%clk 0:59:52]} 21. f4 {[%clk 0:27:25]} Rxa1
{[%clk 0:59:21]} 22. Bxa1 {[%clk 0:26:50]} Ng8 {[%clk 0:56:55]} 23. Nf3
{[%clk 0:23:05]} exf4 {[%clk 0:56:19]} 24. gxf4 {[%clk 0:23:09]} Qe7
{[%clk 0:56:02]} 25. e5 {[%clk 0:21:42]} Ngf6 {[%clk 0:46:47]} 26. Bb2
{[%clk 0:20:33]} Ne4 {[%clk 0:45:46]} 27. Qc2 {[%clk 0:09:55]} Kh8
{[%clk 0:44:18]} 28. e6 {[%clk 0:09:56]} Ndf6 {[%clk 0:44:04]} 29. Nde5
{[%clk 0:09:23]} Qe8 {[%clk 0:40:49]} 30. e7 {[%clk 0:07:46]} Rf7
{[%clk 0:40:57]} 31. Nxg6+ {[%clk 0:06:21]} Kh7 {[%clk 0:40:52]} 32. Nfe5
{[%clk 0:06:09]} Rxe7 {[%clk 0:41:01]} 33. Nxe7 {[%clk 0:04:23]} Qxe7
{[%clk 0:41:28]} 34. Nc6 {[%clk 0:04:25]} Qe8 {[%clk 0:36:00]} 35. Bf5+
{[%clk 0:04:05]} Kh8 {[%clk 0:35:49]} 36. Re1 {[%clk 0:04:30]} Bc8
{[%clk 0:35:30]} 37. Rxe4 {[%clk 0:02:05]} Nxe4 {[%clk 0:33:33]} 38. Qxe4
{[%clk 0:02:20]} Qf8 {[%clk 0:32:24]} 39. Ne7 {[%clk 0:01:10]} Bxf5
{[%clk 0:32:38]} 40. Nxf5 {[%clk 0:01:36]} Qf7 {[%clk 0:31:36]} 41. Nd6
{[%clk 0:00:43]} Qa7 {[%clk 0:31:00]} 42. Qe8+ {[%clk 0:00:37]} Kh7
{[%clk 0:31:28]} 43. Qe4+ {[%clk 0:00:47]} Kh8 {[%clk 0:31:57]} 44. Kf2
{[%clk 0:00:39]} Qa4 {[%clk 0:31:04]} 45. Qd3 {[%clk 0:00:44]} Qa2
{[%clk 0:31:04]} 46. Qd2 {[%clk 0:00:36]} Qb1 {[%clk 0:29:01]} 47. Nf7+
{[%clk 0:00:32]} Kg8 {[%clk 0:29:21]} 48. Ne5 {[%clk 0:00:45]} Bxe5
{[%clk 0:29:04]} 49. fxe5 {[%clk 0:01:12]} Qf5+ {[%clk 0:29:32]} 50. Kg2
{[%clk 0:00:50]} Qxe5 {[%clk 0:28:09]} 51. Bc1 {[%clk 0:01:09]} Qe4+
{[%clk 0:27:44]} 52. Kg1 {[%clk 0:01:00]} Qe6 {[%clk 0:27:20]} 53. Qg2+
{[%clk 0:00:33]} Kh8 {[%clk 0:27:48]} 54. Bf4 {[%clk 0:00:32]} d3
{[%clk 0:27:50]} 55. Qa8+ {[%clk 0:00:37]} Kh7 {[%clk 0:28:14]} 56. Qb7+
{[%clk 0:01:01]} Kh8 {[%clk 0:27:50]} 57. Qa8+ {[%clk 0:00:34]} Kh7
{[%clk 0:28:17]} 58. Qb7+ {[%clk 0:00:31]} Kh8 {[%clk 0:28:46]} 59. Qa8+
{[%clk 0:00:31]} 1/2-1/2

[Event "Moscow Open 2018 F"]
[Site "?"]
[Date "2018.01.30"]
[Round "5.16"]
[White "Tishova, Svetlana"]
[Black "Vasilyev, Vasily"]
[Result "1-0"]
[BlackElo "2299"]
[WhiteElo "2136"]
[LiveChessVersion "1.4.8"]

1. e4 {[%clk 1:29:08]} Nf6 {[%clk 1:16:32]} 2. e5 {[%clk 1:29:29]} Nd5
{[%clk 1:16:58]} 3. c4 {[%clk 1:29:52]} Nb6 {[%clk 1:17:23]} 4. d4
{[%clk 1:30:16]} d6 {[%clk 1:17:41]} 5. exd6 {[%clk 1:30:41]} exd6
{[%clk 1:17:59]} 6. h3 {[%clk 1:29:55]} Nc6 {[%clk 1:18:10]} 7. Nf3
{[%clk 1:30:03]} Be7 {[%clk 1:18:19]} 8. Nc3 {[%clk 1:28:34]} O-O
{[%clk 1:16:52]} 9. b3 {[%clk 1:06:28]} Re8 {[%clk 1:11:34]} 10. Be2
{[%clk 1:04:40]} Bf5 {[%clk 1:10:24]} 11. Be3 {[%clk 1:04:52]} Bf6
{[%clk 1:09:15]} 12. O-O {[%clk 1:04:50]} Qd7 {[%clk 1:07:35]} 13. Bd3
{[%clk 1:01:15]} a6 {[%clk 1:01:47]} 14. Rc1 {[%clk 0:58:54]} Bxd3
{[%clk 1:00:10]} 15. Qxd3 {[%clk 0:59:17]} d5 {[%clk 1:00:32]} 16. c5
{[%clk 0:58:17]} Nc8 {[%clk 1:00:44]} 17. Bg5 {[%clk 0:53:05]} Bxg5
{[%clk 0:59:24]} 18. Nxg5 {[%clk 0:53:28]} g6 {[%clk 0:59:29]} 19. Qf3
{[%clk 0:44:41]} Nxd4 {[%clk 0:47:40]} 20. Qxd5 {[%clk 0:45:04]} Qxd5
{[%clk 0:47:25]} 21. Nxd5 {[%clk 0:45:29]} Ne2+ {[%clk 0:47:37]} 22. Kh2
{[%clk 0:45:50]} Re5 {[%clk 0:47:34]} 23. Nxc7 {[%clk 0:45:18]} Nxc1
{[%clk 0:47:44]} 24. Nxa8 {[%clk 0:45:35]} Nxa2 {[%clk 0:48:02]} 25. Rd1
{[%clk 0:43:06]} Rxc5 {[%clk 0:43:00]} 26. Ne4 {[%clk 0:42:40]} Rc6
{[%clk 0:39:36]} 27. Rd7 {[%clk 0:42:38]} b5 {[%clk 0:38:30]} 28. Nc7
{[%clk 0:38:54]} Nb6 {[%clk 0:19:05]} 29. Rd8+ {[%clk 0:39:01]} Kg7
{[%clk 0:19:27]} 30. Ne8+ {[%clk 0:31:38]} Kh6 {[%clk 0:19:37]} 31. g4
{[%clk 0:11:08]} f5 {[%clk 0:18:06]} 32. N4d6 {[%clk 0:10:37]} fxg4
{[%clk 0:03:22]} 33. Nf7+ {[%clk 0:10:46]} Kh5 {[%clk 0:03:44]} 34. Ng7+
{[%clk 0:11:12]} Kh4 {[%clk 0:03:45]} 35. Rh8 {[%clk 0:11:23]} h5
{[%clk 0:01:02]} 36. Rxh5+ {[%clk 0:11:45]} 1-0

[Event "Moscow Open 2018 F"]
[Site "?"]
[Date "2018.01.31"]
[Round "6.1"]
[White "Paravyan, David"]
[Black "Mokshanov, Alexey"]
[Result "1-0"]
[BlackElo "2415"]
[WhiteElo "2603"]
[LiveChessVersion "1.4.8"]

1. f4 {[%clk 1:26:31]} Nf6 {[%clk 1:30:39]} 2. g3 {[%clk 1:26:46]} g6
{[%clk 1:30:43]} 3. Bg2 {[%clk 1:27:13]} d5 {[%clk 1:30:58]} 4. Nf3
{[%clk 1:27:37]} Bg7 {[%clk 1:31:23]} 5. O-O {[%clk 1:28:03]} O-O
{[%clk 1:31:49]} 6. d3 {[%clk 1:28:32]} c5 {[%clk 1:31:01]} 7. c3
{[%clk 1:28:53]} b6 {[%clk 1:29:46]} 8. e4 {[%clk 1:25:52]} dxe4 {[%clk 1:08:34]}
9. dxe4 {[%clk 1:26:16]} Ba6 {[%clk 1:08:09]} 10. Re1 {[%clk 1:26:41]} Qxd1
{[%clk 0:52:41]} 11. Rxd1 {[%clk 1:24:24]} e6 {[%clk 0:53:09]} 12. Nbd2
{[%clk 1:06:26]} Nc6 {[%clk 0:52:34]} 13. e5 {[%clk 1:06:49]} Nd5
{[%clk 0:51:55]} 14. Ne4 {[%clk 1:07:13]} Rfd8 {[%clk 0:50:55]} 15. Nd6
{[%clk 0:39:23]} Bf8 {[%clk 0:44:17]} 16. c4 {[%clk 0:39:48]} Ndb4
{[%clk 0:41:20]} 17. b3 {[%clk 0:39:43]} Nc2 {[%clk 0:33:51]} 18. Rb1
{[%clk 0:40:06]} Bxd6 {[%clk 0:34:18]} 19. exd6 {[%clk 0:40:02]} Rac8
{[%clk 0:33:27]} 20. Bb2 {[%clk 0:25:41]} Ne3 {[%clk 0:29:28]} 21. Rd2
{[%clk 0:26:09]} Nxg2 {[%clk 0:26:39]} 22. Kxg2 {[%clk 0:26:15]} Bb7
{[%clk 0:27:01]} 23. Kf2 {[%clk 0:26:41]} Nd4 {[%clk 0:26:27]} 24. Nxd4
{[%clk 0:24:15]} cxd4 {[%clk 0:26:35]} 25. Rxd4 {[%clk 0:24:41]} f6
{[%clk 0:26:55]} 26. Rbd1 {[%clk 0:22:42]} Rd7 {[%clk 0:25:25]} 27. Ke3
{[%clk 0:22:52]} Kf7 {[%clk 0:25:39]} 28. g4 {[%clk 0:21:10]} e5 {[%clk 0:25:12]}
29. fxe5 {[%clk 0:21:37]} fxe5 {[%clk 0:25:39]} 30. R4d2 {[%clk 0:22:03]} Ke6
{[%clk 0:25:52]} 31. Rf1 {[%clk 0:22:20]} Rf7 {[%clk 0:15:06]} 32. Rxf7
{[%clk 0:21:42]} Kxf7 {[%clk 0:15:36]} 33. Bxe5 {[%clk 0:21:53]} Ke6
{[%clk 0:16:04]} 34. d7 {[%clk 0:18:49]} Rd8 {[%clk 0:16:31]} 35. Bb8
{[%clk 0:19:16]} a6 {[%clk 0:16:59]} 36. Rd6+ {[%clk 0:17:48]} Ke7
{[%clk 0:17:24]} 37. Rxb6 {[%clk 0:12:06]} Rxd7 {[%clk 0:17:48]} 38. Bd6+
{[%clk 0:12:31]} Kd8 {[%clk 0:17:55]} 39. Be5 {[%clk 0:09:48]} Bc8
{[%clk 0:17:24]} 40. g5 {[%clk 0:08:09]} Rb7 {[%clk 0:17:46]} 41. Rxa6
{[%clk 0:06:48]} Rxb3+ {[%clk 0:18:10]} 42. axb3 {[%clk 0:07:15]} Bxa6
{[%clk 0:18:39]} 43. Kd4 {[%clk 0:07:39]} Bb7 {[%clk 0:17:33]} 44. b4
{[%clk 0:08:04]} Bg2 {[%clk 0:17:58]} 45. b5 {[%clk 0:08:30]} Bf1
{[%clk 0:18:22]} 46. Kc5 {[%clk 0:08:38]} Kd7 {[%clk 0:18:48]} 47. Kb4
{[%clk 0:09:02]} 1-0

[Event "Moscow Open 2018 F"]
[Site "?"]
[Date "2018.01.31"]
[Round "6.2"]
[White "Kozionov, Kirill"]
[Black "Ivlev, Aleksey"]
[Result "1-0"]
[BlackElo "2300"]
[WhiteElo "2423"]
[LiveChessVersion "1.4.8"]

1. c4 {[%clk 1:30:57]} c6 {[%clk 1:25:09]} 2. Nf3 {[%clk 1:30:31]} Nf6
{[%clk 1:25:22]} 3. Nc3 {[%clk 1:30:24]} d5 {[%clk 1:25:47]} 4. e3
{[%clk 1:30:22]} e6 {[%clk 1:25:50]} 5. b3 {[%clk 1:30:09]} Nbd7 {[%clk 1:25:37]}
6. Bb2 {[%clk 1:29:37]} Bd6 {[%clk 1:25:55]} 7. d4 {[%clk 1:29:08]} O-O
{[%clk 1:26:01]} 8. Bd3 {[%clk 1:29:23]} b6 {[%clk 1:26:22]} 9. O-O
{[%clk 1:29:44]} Bb7 {[%clk 1:26:29]} 10. Qc2 {[%clk 1:29:52]} Qe7
{[%clk 1:26:25]} 11. Rad1 {[%clk 1:30:14]} Rac8 {[%clk 1:24:58]} 12. Qb1
{[%clk 1:30:34]} Rfe8 {[%clk 1:23:43]} 13. e4 {[%clk 1:22:32]} dxc4
{[%clk 1:22:57]} 14. Bxc4 {[%clk 1:21:35]} b5 {[%clk 1:17:27]} 15. Be2
{[%clk 1:02:14]} e5 {[%clk 1:17:43]} 16. dxe5 {[%clk 1:01:21]} Nxe5
{[%clk 1:17:46]} 17. Nd4 {[%clk 1:00:50]} Bc5 {[%clk 1:15:33]} 18. Nf5
{[%clk 0:56:53]} Qc7 {[%clk 1:13:15]} 19. Qc1 {[%clk 0:55:12]} Ng6
{[%clk 1:08:51]} 20. Na4 {[%clk 0:48:07]} Bf8 {[%clk 1:06:38]} 21. Nc5
{[%clk 0:47:50]} Bxc5 {[%clk 1:03:23]} 22. Qxc5 {[%clk 0:47:53]} Nxe4
{[%clk 1:03:33]} 23. Qc2 {[%clk 0:43:50]} Nf4 {[%clk 0:46:01]} 24. Nxg7
{[%clk 0:41:13]} Nc3 {[%clk 0:41:10]} 25. Bxc3 {[%clk 0:30:05]} Rxe2
{[%clk 0:31:50]} 26. Qf5 {[%clk 0:29:13]} Nd5 {[%clk 0:27:33]} 27. Nh5
{[%clk 0:21:59]} Re6 {[%clk 0:26:10]} 28. Bf6 {[%clk 0:16:27]} Kf8
{[%clk 0:18:11]} 29. Qg5 {[%clk 0:16:48]} Nxf6 {[%clk 0:17:33]} 30. Nxf6
{[%clk 0:17:13]} Rd8 {[%clk 0:17:12]} 31. Nxh7+ {[%clk 0:17:28]} Ke8
{[%clk 0:17:37]} 32. Rfe1 {[%clk 0:14:33]} Bc8 {[%clk 0:14:51]} 33. Nf6+
{[%clk 0:13:27]} Kf8 {[%clk 0:15:11]} 34. h4 {[%clk 0:12:49]} Rxe1+
{[%clk 0:10:48]} 35. Rxe1 {[%clk 0:13:16]} Be6 {[%clk 0:11:16]} 36. Nh7+
{[%clk 0:13:15]} Ke8 {[%clk 0:11:41]} 37. Nf6+ {[%clk 0:13:09]} Kf8
{[%clk 0:12:05]} 38. h5 {[%clk 0:13:03]} Qa5 {[%clk 0:11:49]} 39. Qc5+
{[%clk 0:09:28]} Kg7 {[%clk 0:11:35]} 40. b4 {[%clk 0:07:29]} Qxa2
{[%clk 0:10:51]} 41. Qg5+ {[%clk 0:07:49]} Kf8 {[%clk 0:11:15]} 42. h6
{[%clk 0:07:50]} Qd2 {[%clk 0:11:11]} 43. Qc5+ {[%clk 0:07:56]} Qd6
{[%clk 0:11:29]} 44. Qxd6+ {[%clk 0:07:26]} Rxd6 {[%clk 0:11:53]} 45. h7
{[%clk 0:07:49]} 1-0

[Event "Moscow Open 2018 F"]
[Site "?"]
[Date "2018.01.31"]
[Round "6.3"]
[White "Lugovskoy, Maxim"]
[Black "Bykova, Anastasia"]
[Result "1-0"]
[BlackElo "2226"]
[WhiteElo "2459"]
[LiveChessVersion "1.4.8"]

1. e4 {[%clk 1:28:58]} c6 {[%clk 1:28:20]} 2. d4 {[%clk 1:29:23]} d5
{[%clk 1:28:47]} 3. f3 {[%clk 1:29:50]} Qb6 {[%clk 1:29:13]} 4. Nc3 dxe4
{[%clk 1:25:50]} 5. fxe4 {[%clk 1:29:23]} e5 {[%clk 1:26:15]} 6. Nf3
{[%clk 1:29:03]} exd4 {[%clk 1:26:37]} 7. Nxd4 Bc5 {[%clk 1:26:58]} 8. Na4
{[%clk 1:27:55]} Qa5+ {[%clk 1:27:21]} 9. c3 {[%clk 1:28:21]} Bd6
{[%clk 1:25:42]} 10. Nf3 Qc7 11. Qd4 {[%clk 1:03:02]} f6 {[%clk 1:23:39]} 12. Be3
{[%clk 1:00:39]} Nd7 {[%clk 1:03:50]} 13. b4 {[%clk 1:00:37]} 1-0

[Event "Moscow Open 2018 F"]
[Site "?"]
[Date "2018.01.31"]
[Round "6.4"]
[White "Fotin, Vladimir"]
[Black "Kezin, Roman"]
[Result "1-0"]
[BlackElo "2450"]
[WhiteElo "2315"]
[LiveChessVersion "1.4.8"]

1. d4 d5 2. Bf4 c5 3. e3 Nc6 4. c3 Qb6 5. Qb3 c4 6. Qc2 e5 7. dxe5 Bf5 8. Qc1 g5
9. Bg3 h5 10. h3 f6 11. Nf3 O-O-O 12. Nd4 Nh6 13. Nxc6 Qxc6 14. Nd2 h4 15. Bh2 g4
16. hxg4 Nxg4 17. Nf3 Nxh2 18. Rxh2 fxe5 19. Rxh4 Be7 20. Rxh8 Rxh8 21. Qd2 Bf6
22. b3 Rh1 23. O-O-O cxb3 24. axb3 Rxf1 25. Rxf1 Qa6 26. Qd1 Bd3 27. Rh1 Qa3+ 28.
Kd2 Qb2+ 29. Ke1 e4 30. Nd4 Qxc3+ 31. Qd2 Qa1+ 32. Qd1 Qa5+ 33. Qd2 Qa1+ 34. Qd1
Qc3+ 35. Qd2 Qa1+ 36. Qd1 Qa5+ 37. Qd2 Qc5 38. f3 a6 39. Kf2 Kb8 40. Rc1 Qe7 41.
Qc3 Qd7 42. Qb4 Bh4+ 43. Kg1 exf3 44. Nc6+ Qxc6 45. Rxc6 f2+ 46. Kh2 f1=Q 47.
Qd6+ Ka8 48. Rc8+ 1-0

[Event "Moscow Open 2018 F"]
[Site "?"]
[Date "2018.01.31"]
[Round "6.5"]
[White "Derevianchenko, Ilia"]
[Black "Chernyavsky, Alexander"]
[Result "1-0"]
[BlackElo "2326"]
[WhiteElo "2282"]
[LiveChessVersion "1.4.8"]

1. e4 {[%clk 1:23:42]} c5 {[%clk 1:30:55]} 2. Nf3 {[%clk 1:23:53]} Nc6
{[%clk 1:31:20]} 3. d4 {[%clk 1:23:02]} cxd4 {[%clk 1:30:56]} 4. Nxd4
{[%clk 1:23:25]} d6 {[%clk 1:31:14]} 5. c4 {[%clk 1:21:44]} g6 {[%clk 1:30:58]}
6. Nc3 {[%clk 1:21:07]} Bg7 {[%clk 1:31:22]} 7. Be3 {[%clk 1:21:27]} Nf6
{[%clk 1:31:04]} 8. f3 {[%clk 1:17:59]} O-O {[%clk 1:28:39]} 9. Qd2
{[%clk 1:18:12]} Bd7 {[%clk 1:24:14]} 10. Be2 {[%clk 1:18:31]} Nxd4
{[%clk 1:24:33]} 11. Bxd4 {[%clk 1:18:44]} Bc6 {[%clk 1:24:59]} 12. O-O-O
{[%clk 1:12:03]} a6 {[%clk 1:23:17]} 13. Kb1 {[%clk 1:11:48]} Qd7
{[%clk 1:17:26]} 14. g4 {[%clk 1:04:14]} e5 {[%clk 0:44:28]} 15. Be3
{[%clk 1:03:41]} Ne8 {[%clk 0:44:01]} 16. h4 {[%clk 1:01:08]} f5 {[%clk 0:42:33]}
17. gxf5 {[%clk 1:01:26]} gxf5 {[%clk 0:42:58]} 18. Bh6 {[%clk 0:56:27]} Bxh6
{[%clk 0:35:54]} 19. Qxh6 {[%clk 0:56:42]} Rf6 {[%clk 0:36:20]} 20. Rhg1+
{[%clk 0:46:38]} Kh8 {[%clk 0:36:25]} 21. Qg5 {[%clk 0:46:22]} Rg6
{[%clk 0:31:45]} 22. Qd2 {[%clk 0:16:43]} Rxg1 {[%clk 0:25:49]} 23. Rxg1
{[%clk 0:17:09]} f4 {[%clk 0:26:14]} 24. c5 {[%clk 0:13:32]} dxc5
{[%clk 0:23:45]} 25. Qxd7 {[%clk 0:11:44]} Bxd7 {[%clk 0:24:09]} 26. Rg5
{[%clk 0:12:11]} Ng7 {[%clk 0:21:49]} 27. Rxe5 {[%clk 0:09:31]} Ne6
{[%clk 0:20:20]} 28. Nd5 {[%clk 0:05:47]} Rg8 {[%clk 0:20:31]} 29. Kc1
{[%clk 0:04:06]} Nd4 {[%clk 0:15:45]} 30. Bd1 {[%clk 0:04:02]} Rg1
{[%clk 0:11:45]} 31. Re7 {[%clk 0:03:13]} Be6 {[%clk 0:10:31]} 32. Nxf4
{[%clk 0:02:13]} Bxa2 {[%clk 0:10:26]} 33. Kd2 {[%clk 0:02:37]} b5
{[%clk 0:09:56]} 34. Rc7 {[%clk 0:02:33]} Bb3 {[%clk 0:08:47]} 35. Bxb3
{[%clk 0:01:36]} Nxb3+ {[%clk 0:09:15]} 36. Ke3 {[%clk 0:01:37]} c4
{[%clk 0:09:12]} 37. Nh5 {[%clk 0:01:55]} Rg6 {[%clk 0:07:28]} 38. e5
{[%clk 0:02:05]} Kg8 {[%clk 0:07:28]} 39. Nf6+ {[%clk 0:02:16]} Kf8
{[%clk 0:07:57]} 40. Nxh7+ {[%clk 0:02:24]} Ke8 {[%clk 0:08:20]} 41. Nf6+
{[%clk 0:02:03]} Kd8 {[%clk 0:08:42]} 42. Rd7+ {[%clk 0:02:02]} Kc8
{[%clk 0:09:11]} 43. Re7 {[%clk 0:01:40]} b4 {[%clk 0:08:29]} 44. h5
{[%clk 0:01:18]} Rh6 {[%clk 0:08:58]} 45. Rh7 {[%clk 0:01:25]} Rxh7
{[%clk 0:08:05]} 46. Nxh7 {[%clk 0:01:54]} Nd4 {[%clk 0:08:34]} 47. Kxd4
{[%clk 0:01:52]} c3 {[%clk 0:08:18]} 48. bxc3 {[%clk 0:02:21]} 1-0